| 000 | 00355nam a2200145Ia 4500 | ||
|---|---|---|---|
| 008 | 150301s2003 xx 000 0 und d | ||
| 082 |
_a617.63 _bC03L |
||
| 100 | _aLASKARIS, GEORGE | ||
| 245 | _aCOLOR ATLAS OF ORAL DISEASES | ||
| 250 | _a3RD | ||
| 260 |
_bTHIEME PUBLICATION _aUSA _c2003 |
||
| 300 | _a1-454 | ||
| 650 | _aORAL MEDICINE | ||
| 942 |
_2ddc _cBK |
||
| 999 |
_c6964 _d6964 |
||